| 000 | 00534nam a22001695i 4500 | ||
|---|---|---|---|
| 001 | 154474 | ||
| 003 | ES-MaACL | ||
| 005 | 20230906205738.0 | ||
| 008 | 961110s1886 sp |||| | spa d | ||
| 040 |
_aGA _bspa _cCCPB | SIC |
||
| 100 | 1 |
_aGómez Sigura, Eduardo. _9127706 |
|
| 245 | 1 | 3 |
_aEl taciturno _b: novela / _cEduardo Gómez Sigura. |
| 260 |
_aMadrid : _b[s.n.], _c1886 ( _fTipografía de Manuel G. Hernández) |
||
| 300 |
_aVIII, 345 p. ; _c20 cm. |
||
| 752 |
_aEspaña - _dMadrid |
||
| 852 |
_aES-MaACL _jD-4665 _z-- Rúst. |
||
| 999 |
_c154474 _d154474 |
||